| 000 | 005020000a22001930004500 | ||
|---|---|---|---|
| 001 | 001856 | ||
| 003 | MACL | ||
| 005 | 20150730123254.0 | ||
| 008 | 150730b xxu||||| |||| 00| 0 eng d | ||
| 040 |
_aMACL _cMACL |
||
| 041 | _aEnglish | ||
| 082 | _a350/GUP | ||
| 100 |
_aGupta, M.C _92235 |
||
| 245 |
_aRestructuring Government _cM.C Gupta |
||
| 260 |
_aNew Delhi _c1998 _bIndian Institute of Public Administration, |
||
| 350 | _a500 | ||
| 650 |
_aPublic Administration _92275 |
||
| 942 |
_k350 _cBK _2ddc |
||
| 999 |
_c13772 _d13772 |
||